000 004570000a22001330004500
090 _aAS
_bSeriadas
245 1 0 _aBiogeographic patterns of colombian frogs and toads
041 0 _aInglés
700 1 _aRuiz Carranza, Pedro M.
_994187
700 1 _aArdila Robayo, María Cristina
_94334
100 1 _aLynch, John D.
_992907
942 _cARTICULO
773 1 _tRevista de la Academia Colombiana de Ciencias Exactas, Fisicas y Naturales
_332
_h80
_q237-248
_d1997
_g21
999 _c14180
_d14180